000 00487nam a2200181Ia 4500
001 61605
008 170306n ii |||gr||||Z||||||465
082 _a630
100 _aVyas, A. K.,
_eAuthor.
245 0 _aIntroduction to agriculture
_cby A. K. Vyas
_hTextual Documents
250 _a6th rev and enlrd ed.
260 _aNew Delhi:
_bJain Brothers.,
_c2016.
300 _axxiv, 629p:
_c23cm.
653 _aBotany
653 _aAgriculture
653 _aDept-Botany
942 _2ddc
_cBK
999 _c62714
_d62714